A primer on Islamic finance / (Record no. 18638)
[ view plain ]
| 000 -LEADER | |
|---|---|
| fixed length control field | 01296cam a2200337 a 4500 |
| 001 - CONTROL NUMBER | |
| control field | 16651739 |
| 005 - DATE AND TIME OF LATEST TRANSACTION | |
| control field | 20141117160630.0 |
| 008 - FIXED-LENGTH DATA ELEMENTS--GENERAL INFORMATION | |
| fixed length control field | 110214s2009 xxuadk frbd 000 0 eng d |
| 010 ## - LIBRARY OF CONGRESS CONTROL NUMBER | |
| LC control number | 2011280139 |
| 020 ## - INTERNATIONAL STANDARD BOOK NUMBER | |
| International Standard Book Number | 9781934667248 (pbk.) |
| 020 ## - INTERNATIONAL STANDARD BOOK NUMBER | |
| International Standard Book Number | 1934667242 (pbk.) |
| 040 ## - CATALOGING SOURCE | |
| Original cataloging agency | Nz |
| Transcribing agency | UZ0 |
| Modifying agency | NPL |
| -- | DLC |
| -- | EG-ScBUE |
| 082 00 - DEWEY DECIMAL CLASSIFICATION NUMBER | |
| Classification number | 332.1091767 |
| Edition number | 22 |
| Item number | SHA |
| 100 1# - MAIN ENTRY--PERSONAL NAME | |
| Personal name | Shanmugam, Bala |
| 9 (RLIN) | 36569 |
| 245 12 - TITLE STATEMENT | |
| Title | A primer on Islamic finance / |
| Statement of responsibility, etc | Bala Shanmugum, Zaha Rina Zahari. |
| 260 ## - PUBLICATION, DISTRIBUTION, ETC. (IMPRINT) | |
| Place of publication, distribution, etc | Charlottesville, United States : |
| Name of publisher, distributor, etc | Research Foundation of CFA Institute, |
| Date of publication, distribution, etc | 2009. |
| 300 ## - PHYSICAL DESCRIPTION | |
| Extent | v, 121 p. : |
| Other physical details | charts, forms, tables ; |
| Dimensions | 23 cm. |
| 500 ## - GENERAL NOTE | |
| General note | Glossary : p. 98-101. |
| 504 ## - BIBLIOGRAPHY, ETC. NOTE | |
| Bibliography, etc | Bibliography : p. 102-121. |
| 650 #0 - SUBJECT ADDED ENTRY--TOPICAL TERM | |
| Topical term or geographic name as entry element | Banks and banking |
| General subdivision | Religious aspects |
| -- | Islam |
| 9 (RLIN) | 32829 |
| 650 #0 - SUBJECT ADDED ENTRY--TOPICAL TERM | |
| Topical term or geographic name as entry element | Banking law (Islamic law) |
| 9 (RLIN) | 32725 |
| 650 #0 - SUBJECT ADDED ENTRY--TOPICAL TERM | |
| Topical term or geographic name as entry element | Finance |
| General subdivision | Religious aspects |
| -- | Islam |
| 9 (RLIN) | 28658 |
| 650 #0 - SUBJECT ADDED ENTRY--TOPICAL TERM | |
| Topical term or geographic name as entry element | Economics |
| General subdivision | Religious aspects |
| -- | Islam |
| 9 (RLIN) | 33913 |
| 650 #0 - SUBJECT ADDED ENTRY--TOPICAL TERM | |
| Topical term or geographic name as entry element | Financial institutions |
| Geographic subdivision | Islamic countries |
| 9 (RLIN) | 36572 |
| 650 #0 - SUBJECT ADDED ENTRY--TOPICAL TERM | |
| Topical term or geographic name as entry element | Banks and banking |
| Geographic subdivision | Islamic countries |
| 9 (RLIN) | 28054 |
| 653 ## - INDEX TERM--UNCONTROLLED | |
| Resource For college | BAEPS, Business Administration |
| -- | BAEPS, Economics |
| Arrived date list | November2014 |
| 655 ## - INDEX TERM--GENRE/FORM | |
| Form subdivision | |
| -- | 34232 |
| 700 0# - ADDED ENTRY--PERSONAL NAME | |
| Personal name | Zaha Rina Zahari |
| 9 (RLIN) | 36570 |
| 710 2# - ADDED ENTRY--CORPORATE NAME | |
| Corporate name or jurisdiction name as entry element | Institute of Chartered Financial Analysts. |
| Subordinate unit | Research Foundation |
| 9 (RLIN) | 36571 |
| 942 ## - ADDED ENTRY ELEMENTS (KOHA) | |
| Source of classification or shelving scheme | Dewey Decimal Classification |
| Call number prefix | 332.1091767 SHA |
| Withdrawn status | Item status | Source of classification or shelving scheme | Damaged status | Not for loan | Vendor | Home library | Current library | Shelving location | Date acquired | Source of acquisition | Cost, normal purchase price | Serial Enumeration / chronology | Total Checkouts | Total Renewals | Full call number | Barcode | Checked out | Date last seen | Date last borrowed | Cost, replacement price | Koha item type |
|---|---|---|---|---|---|---|---|---|---|---|---|---|---|---|---|---|---|---|---|---|---|
| Dewey Decimal Classification | Baccah | Central Library | Central Library | First floor | 17/11/2014 | 112.00 | 20677 | 1 | 6 | 332.1091767 SHA | 000037021 | 14/11/2022 | 10/07/2018 | 10/07/2018 | 140.00 | Book - Borrowing |